SSADM foundation.

Αποθηκεύτηκε σε:
Λεπτομέρειες βιβλιογραφικής εγγραφής
Συγγραφή απο Οργανισμό/Αρχή: Great Britain. Treasury. Central Computer and Telecommunications Agency
Μορφή: Βιβλίο
Γλώσσα:English
Δημοσίευση: London : Stationery office, 2000.
Σειρά:Business systems development with SSADM
Θέματα:
Ετικέτες: Προσθήκη ετικέτας
Δεν υπάρχουν, Καταχωρήστε ετικέτα πρώτοι!

MARC

LEADER 00000cam a2200000 i 4500
001 1/25684
008 020709s2000 eng d
020 |a 0113308701 ((set)) 
020 |a 0113308833 
035 |l 10068110 
040 |a GR-MY-UA  |b gre  |e aacr 
041 0 |a eng 
082 0 |a 658.4038011 
245 0 0 |a SSADM foundation. 
260 |a London :   |b Stationery office,   |c 2000. 
300 |a vi, 174 σ. :   |b εικ. ;   |c 25 εκ. 
490 1 |a Business systems develpment with SSADM 
500 |a Produced by the Central Computer and Telecommunications Agency. 
500 |a Περιλαμβάνει ευρετήριο. 
650 0 0 |a System design. 
650 0 0 |a System analysis. 
650 0 0 |a Business  |x Data processing. 
650 0 0 |a Management information systems. 
710 1 |a Great Britain.   |b Treasury.   |b Central Computer and Telecommunications Agency. 
830 0 |a Business systems development with SSADM 
852 |a INST  |b SAMOS  |e 20020709  |h 658.4038011 SSA  |p 005300020081  |q 005300020081  |t BK  |y 0 
901 |a BIBL3-2002-2 
922 |a 3ΕΛΗ  |b 200202  |c ΤΠΕΣ  |d ΠΑΠΑΣΩΤΗΡΙΟΥ 
950 |a 133-2002-02-18 
970 |a ΚΟΣΙΕΡΗΣ  |b ΧΡΗΣΤΟΣ  |z 2002/07/09